Ropný vrchol a pád
O kulminácii ťažby sa hovorí roky, no stále sa nevie, kedy vlastne nastane. Od vzniku teórie ropného vrcholu sa už objavilo viacero zaručených dátumov. Niektoré predpovede globálneho ropného vrcholu. Priemerná veľkosť objavených ložísk. Veľká úloha pri zachovaní dostatku ropy pre celý svet je pripis...
Salvato in:
| Autore principale: | |
|---|---|
| Natura: | Capitolo di libro |
| Lingua: | slovacco |
| Soggetti: | |
| Tags: |
Nessun Tag, puoi essere il primo ad aggiungerne!!
|
MARC
| LEADER | 00000naa$a2200000$$$4500 | ||
|---|---|---|---|
| 001 | 0057649 | ||
| 005 | 20231009073455.2 | ||
| 041 | 0 | |a slo | |
| 044 | |a SK | ||
| 245 | 1 | 0 | |a Ropný vrchol a pád |c Kristian Slovák |
| 520 | |a O kulminácii ťažby sa hovorí roky, no stále sa nevie, kedy vlastne nastane. Od vzniku teórie ropného vrcholu sa už objavilo viacero zaručených dátumov. Niektoré predpovede globálneho ropného vrcholu. Priemerná veľkosť objavených ložísk. Veľká úloha pri zachovaní dostatku ropy pre celý svet je pripisovaná technologickému pokroku. | ||
| 610 | 2 | 0 | |a ropa |
| 610 | 2 | 0 | |a zásoby |
| 610 | 2 | 0 | |a svet |
| 610 | 2 | 0 | |a ťažba surovín |
| 610 | 2 | 0 | |a pokrok technologický |
| 100 | 1 | |a Slovák, Kristian | |